Estadísticas para Jugadores con mas partidos en un solo club

Haz click aquí para intentar la prueba.

Estadísticas generales

  • Esta prueba ha sido intentada 98 veces
  • La puntuación promedio es 4 de 10

Estadísticas de respuestas

Club y PartidosJugador% Correcto
FC Barcelona (768 partidos)LIONEL MESSI
93%
As Roma (786 partidos)FRANCESCO TOTTI
85%
AC Milan (902 partidos)PAOLO MALDINI
80%
Manchester United (963 partidos)RYAN GIGGS
61%
Inter de Milán (860 partidos)JAVIER ZANETTI
51%
Sao Paulo (1221 partidos)ROGERIO CENI
38%
FC Barcelona (767 partidos)XAVI HERNÁNDEZ
28%
Celtic (822 partidos)BILLY MCNEILL
2%
Cruzeiro (915 partidos)FABIO DEIVSON
2%
Linfield (1013 partidos)NOEL BAILIE
2%

Distribución de puntuación

Porcentaje por número respondido

Porcentaje de gente con cada puntuación

Historial de tus puntuaciones

No has intentado esta prueba.